000 00803nam a2200229 a 4500
001 000366116
003 AM-YeHGA
005 20260226141539.0
008 041004s1929 au |||||r|||||||||0|arm|d
040 _aAM-YeHGA
041 0 _aarm
100 0 _aԱտրպետ,
_d1860-1937
_9971
245 1 0 _aՃորոխի աւազանը /
_cԱտրպետ.
260 _aՎիեննա :
_bտպ. Մխիթարեան,
_c1929.
300 _a238 էջ ;
_c19 սմ.
440 0 _aԱզգային մատենադարան ;
_vՃԺԸ.
_94491
504 _aՄատենագիտ. տողատ. ծանոթ.
650 1 4 _aԱշխարհագրություն
_zՃորոխ
856 4 1 _uhttp://serials.flib.sci.am/openreader/Chorox_1929/book/index.html#page/1/mode/2up
_yԿարդալ առցանց
942 _2udc
_cBK
_02
090 _c141333
999 _c139955
_d139955